Body contouring and conditioning through movement

Saved in:
Bibliographic Details
Main Author: Wessel, Janet A.
Other Authors: MacIntyre, Christine (joint author.)
Format: Book
Language:English
Published: Boston, Allyn and Bacon [1970]
Series:Allyn and Bacon series in basic concepts of physical activity.
Subjects:
LEADER 01017nam a2200265 4500
001 c000382610
003 CARM
005 00000000000000.0
008 710520s1970 maua b 00010 eng
019 1 |a 51032  |5 LACONCORD2021 
035 |a (OCoLC)141891  |5 LACONCORD2021 
040 |a VDU  |c VDU 
050 0 0 |a GV482  |b .W4 
082 0 4 |a 613.7 
100 1 |a Wessel, Janet A. 
245 1 |a Body contouring and conditioning through movement  |c [by] Janet Wessel [and] Christine MacIntyre. 
260 |a Boston,  |b Allyn and Bacon  |c [1970] 
300 |a x, 116 p.  |b illus.  |c 22 cm. 
490 0 |a Allyn and Bacon series in basic concepts of physical activity. 
504 |a Bibliography: p. 115-116. 
650 0 |a Physical education for women. 
700 1 |a MacIntyre, Christine,  |e joint author. 
852 8 |b CARM  |h A3:AB18A0  |i B11679  |p 0478094  |f BK 
999 f f |i ecd60aad-cbf2-5c87-a4ec-bb2bf8ea6155  |s e22cb434-ea04-5a88-a7bd-35a53e36c726 
952 f f |p Can circulate  |a CAVAL  |b CAVAL  |c CAVAL  |d CARM 1 Store  |e B11679  |f A3:AB18A0  |h Other scheme  |i book  |m 0478094